<?xml version="1.0" encoding="UTF-8"?>
<record
    xmlns:xsi="http://www.w3.org/2001/XMLSchema-instance"
    xsi:schemaLocation="http://www.loc.gov/MARC21/slim http://www.loc.gov/standards/marcxml/schema/MARC21slim.xsd"
    xmlns="http://www.loc.gov/MARC21/slim">

  <leader>00866nam a2200241 a 4500</leader>
  <controlfield tag="001">BRCA_7982</controlfield>
  <controlfield tag="005">20190320210100.0</controlfield>
  <controlfield tag="008">120314s1960----mx-####f##---#000-0#spa-#</controlfield>
  <datafield tag="041" ind1=" " ind2=" ">
    <subfield code="a">spa</subfield>
  </datafield>
  <datafield tag="044" ind1=" " ind2=" ">
    <subfield code="a">mx</subfield>
  </datafield>
  <datafield tag="050" ind1=" " ind2="4">
    <subfield code="a">KGF1168</subfield>
    <subfield code="b">.ES79</subfield>
    <subfield code="c">1960</subfield>
  </datafield>
  <datafield tag="110" ind1="2" ind2=" ">
    <subfield code="a">Club de Banqueros de M&#xE9;xico, A.C.</subfield>
    <subfield code="9">19797</subfield>
  </datafield>
  <datafield tag="245" ind1="1" ind2="0">
    <subfield code="a">Estatutos y reglamentos del Club de Banqueros de M&#xE9;xico A.C.</subfield>
    <subfield code="c">Club de Banqueros de M&#xE9;xico.</subfield>
  </datafield>
  <datafield tag="260" ind1=" " ind2=" ">
    <subfield code="a">M&#xE9;xico</subfield>
    <subfield code="b">Hern&#xE1;ndez Impresores</subfield>
    <subfield code="c">1960</subfield>
  </datafield>
  <datafield tag="300" ind1=" " ind2=" ">
    <subfield code="a">48 p.</subfield>
    <subfield code="c">15 cm.</subfield>
  </datafield>
  <datafield tag="500" ind1=" " ind2=" ">
    <subfield code="a">3013</subfield>
  </datafield>
  <datafield tag="500" ind1=" " ind2=" ">
    <subfield code="a">Libro publicado con un anexo que incluye un directorio del Consejo, Comit&#xE9; y miembros asociados</subfield>
  </datafield>
  <datafield tag="500" ind1=" " ind2=" ">
    <subfield code="a">Material inventariado por el Banco de M&#xE9;xico</subfield>
  </datafield>
  <datafield tag="650" ind1="1" ind2="4">
    <subfield code="a">Estatutos y reglamentos</subfield>
    <subfield code="v">Asociaciones civiles</subfield>
    <subfield code="z">M&#xE9;xico</subfield>
    <subfield code="9">19798</subfield>
  </datafield>
  <datafield tag="650" ind1="1" ind2="4">
    <subfield code="a">Directorios</subfield>
    <subfield code="v">Asociaciones civiles</subfield>
    <subfield code="z">M&#xE9;xico</subfield>
    <subfield code="9">19799</subfield>
  </datafield>
  <datafield tag="902" ind1=" " ind2=" ">
    <subfield code="a">GFM</subfield>
  </datafield>
  <datafield tag="942" ind1=" " ind2=" ">
    <subfield code="2">lcc</subfield>
    <subfield code="c">B</subfield>
  </datafield>
  <datafield tag="999" ind1=" " ind2=" ">
    <subfield code="c">7651</subfield>
    <subfield code="d">7651</subfield>
  </datafield>
  <datafield tag="952" ind1=" " ind2=" ">
    <subfield code="0">0</subfield>
    <subfield code="1">0</subfield>
    <subfield code="4">0</subfield>
    <subfield code="7">0</subfield>
    <subfield code="a">BRCA</subfield>
    <subfield code="b">BRCA</subfield>
    <subfield code="d">2014-03-12</subfield>
    <subfield code="i">3013</subfield>
    <subfield code="l">0</subfield>
    <subfield code="o">KGF1168 .ES79 1960 (3013)</subfield>
    <subfield code="p">8593</subfield>
    <subfield code="r">2019-03-22 00:00:00</subfield>
    <subfield code="w">2019-03-22</subfield>
    <subfield code="y">B</subfield>
  </datafield>
</record>
